Classifica Perpetua Serie A - Statistics

Statistiche generali
  • Questo quiz è stato fatto 96 volte
    38 dall'ultimo reset
  • Il punteggio medio è 12 su 68
Statistiche sulle risposte
Squadra Stagioni in Serie A Punti Penalizzazioni Vinte Pareggiate Perse % Corretto
Juventus 92 4935 -10 3114 1711 846
100%
Inter 93 4683 3152 1597 862
93%
Milan 91 4468 -38 3092 1506 902
90%
Roma 92 4149 3114 1324 919
86%
Lazio 82 3509 -33 2814 1094 811
79%
Fiorentina 87 3620 -45 2952 1169 894
76%
Napoli 79 3416 -1 2660 1094 811
62%
Torino 81 3077 -1 2724 981 891
55%
Bologna 78 2998 -8 2650 944 833
48%
Sampdoria 66 2502 -4 2278 753 702
48%
Atalanta 65 2470 -8 2226 714 699
38%
Udinese 52 2088 -9 1828 583 538
31%
Cagliari 44 1601 1520 435 491
28%
Genoa 57 2001 -18 1972 608 600
28%
Parma 28 1315 -7 1008 361 296
28%
Palermo 29 1048 1030 307 284
21%
Sassuolo 11 514 418 133 115
21%
Carpi 1 38 38 9 11
17%
Catania 17 591 602 162 181
14%
Crotone 3 92 114 24 20
14%
Verona 34 1096 1132 297 363
14%
Ancona 2 32 68 8 14
10%
Benevento 2 54 76 13 15
10%
Chievo 17 740 -3 634 186 185
10%
Modena 13 400 444 130 125
10%
Pistoiese 1 16 30 6 4
10%
Reggina 9 345 -11 326 83 107
10%
SPAL 19 570 658 175 196
10%
Treviso 1 21 38 3 12
10%
Bari 30 874 1010 258 286
7%
Brescia 23 685 774 194 225
7%
Empoli 17 612 -7 614 153 174
7%
Lecce 19 606 678 147 197
7%
Monza 3 115 114 28 31
7%
Padova 16 513 560 182 130
7%
Pescara 7 141 234 36 60
7%
Salernitana 5 162 188 41 52
7%
Siena 9 349 -7 338 83 107
7%
Venezia 14 371 476 105 130
7%
Ascoli 16 424 508 110 190
3%
Catanzaro 7 164 210 38 88
3%
Como 14 405 464 122 144
3%
Frosinone 3 91 114 21 28
3%
Livorno 18 566 626 171 172
3%
Mantova 7 184 230 48 88
3%
Novara 13 380 446 133 107
3%
Perugia 13 459 -5 418 126 140
3%
Piacenza 8 275 272 65 88
3%
Pisa 7 161 218 42 77
3%
Reggiana 3 68 102 16 30
3%
Spezia 3 106 114 25 31
3%
Ternana 2 35 60 7 21
3%
Triestina 26 774 874 253 268
3%
Varese 7 155 218 36 83
3%
Vicenza 30 943 986 296 300
3%
Alessandria 13 381 440 136 109
0%
Avellino 10 264 -5 300 79 111
0%
Casale 4 90 136 33 24
0%
Cesena 13 338 426 80 159
0%
Cremonese 8 201 272 48 84
0%
Foggia[4] 11 312 -6 358 95 120
0%
Lecco 3 69 102 19 31
0%
Legnano 3 61 106 16 29
0%
Lucchese 8 244 282 80 84
0%
Messina[6] 5 155 182 39 54
0%
Pro Patria 12 338 430 118 102
0%
Pro Vercelli 6 171 200 65 41
0%
Sampierdarenese[5] 8 202 240 68 66
0%
Nessun quiz corrispondente trovato
Distribuzione punteggi
Percentuale di utenti per punteggio
Percentile per numero di risposta
I tuoi punteggi nel tempo
Non hai fatto questo quiz dall'ultimo reset